[Event "11th 4NCL Congress Open"]
[Site "Harben House"]
[Date "2016.11.04"]
[Round "1.9"]
[White "Roberson, Peter T"]
[Black "Okhai, Shabir"]
[Result "1-0"]
[BlackElo "2072"]
[WhiteElo "2388"]
[LiveChessVersion "1.4.8"]

1. e4 {[%clk 1:30:57]} e5 {[%clk 1:30:55]} 2. Nf3 {[%clk 1:31:23]} Nc6
{[%clk 1:31:21]} 3. Bb5 {[%clk 1:31:49]} a6 {[%clk 1:31:47]} 4. Ba4
{[%clk 1:32:16]} Nf6 {[%clk 1:32:11]} 5. O-O {[%clk 1:32:33]} Be7
{[%clk 1:32:36]} 6. Re1 {[%clk 1:32:49]} b5 {[%clk 1:33:00]} 7. Bb3
{[%clk 1:33:17]} d6 {[%clk 1:33:23]} 8. c3 {[%clk 1:33:40]} O-O {[%clk 1:33:46]}
9. h3 {[%clk 1:34:07]} Nb8 {[%clk 1:34:12]} 10. d4 {[%clk 1:33:48]} Nbd7
{[%clk 1:34:36]} 11. Nbd2 {[%clk 1:33:41]} Bb7 {[%clk 1:34:03]} 12. Bc2
{[%clk 1:32:55]} Re8 {[%clk 1:34:20]} 13. a4 {[%clk 1:33:12]} Bf8
{[%clk 1:34:15]} 14. Bd3 {[%clk 1:33:19]} c6 {[%clk 1:32:11]} 15. Qc2
{[%clk 1:33:42]} Qb6 {[%clk 1:12:17]} 16. b4 {[%clk 1:21:12]} c5 {[%clk 1:04:32]}
17. bxc5 {[%clk 1:08:45]} dxc5 {[%clk 1:04:47]} 18. dxe5 {[%clk 1:09:03]} Nxe5
{[%clk 0:46:24]} 19. Nxe5 {[%clk 1:09:02]} Rxe5 {[%clk 0:46:48]} 20. axb5
{[%clk 1:05:36]} axb5 {[%clk 0:43:02]} 21. Rb1 {[%clk 1:02:52]} Qc7
{[%clk 0:29:37]} 22. Rxb5 {[%clk 0:57:21]} Ba6 {[%clk 0:25:49]} 23. Rb1
{[%clk 0:55:39]} c4 {[%clk 0:24:04]} 24. Bf1 {[%clk 0:45:47]} Qc6
{[%clk 0:18:06]} 25. Ra1 {[%clk 0:30:14]} Rc8 {[%clk 0:14:03]} 26. Nf3
{[%clk 0:26:49]} Ree8 {[%clk 0:11:24]} 27. Nd4 {[%clk 0:23:39]} Qb7
{[%clk 0:07:37]} 28. f3 {[%clk 0:13:22]} Nd7 {[%clk 0:05:02]} 29. Be3
{[%clk 0:09:11]} Nc5 {[%clk 0:03:37]} 30. Reb1 {[%clk 0:09:35]} Qc7
{[%clk 0:02:55]} 31. Qa2 {[%clk 0:07:56]} Bb7 {[%clk 0:02:10]} 32. Qxc4
{[%clk 0:05:06]} Nxe4 {[%clk 0:00:45]} 33. Qxc7 {[%clk 0:03:03]} Rxc7
{[%clk 0:01:13]} 34. fxe4 {[%clk 0:03:21]} Bxe4 {[%clk 0:01:32]} 35. Rc1
{[%clk 0:01:52]} Bc5 {[%clk 0:01:26]} 36. Bf2 {[%clk 0:01:42]} Rcc8
{[%clk 0:01:07]} 37. Nb5 {[%clk 0:01:38]} Bf8 {[%clk 0:01:07]} 38. Bd4
{[%clk 0:02:02]} Rc6 {[%clk 0:01:04]} 39. Re1 {[%clk 0:02:17]} Rg6
{[%clk 0:00:58]} 40. Re3 {[%clk 0:02:04]} f5 {[%clk 0:01:19]} 41. Kf2
{[%clk 0:01:53]} Be7 {[%clk 0:01:45]} 42. g3 {[%clk 0:01:11]} Bg5
{[%clk 0:01:53]} 43. Bc4+ {[%clk 0:01:28]} Kh8 {[%clk 0:02:18]} 44. Bf7
{[%clk 0:01:00]} Rb8 {[%clk 0:02:19]} 45. Bxg6 {[%clk 0:01:20]} Bxe3+ 46. Kxe3
{[%clk 0:01:11]} Rxb5 {[%clk 0:02:05]} 47. Bxf5 {[%clk 0:00:54]} 1-0

[Event "11th 4NCL Congress Open"]
[Site "Harben House"]
[Date "2016.11.04"]
[Round "1.10"]
[White "Clark, Robert G"]
[Black "Tate, Alan"]
[Result "1-0"]
[BlackElo "2376"]
[WhiteElo "2006"]
[LiveChessVersion "1.4.8"]

1. e4 {[%clk 1:30:40]} e5 {[%clk 1:30:54]} 2. Nf3 {[%clk 1:30:58]} Nc6
{[%clk 1:31:19]} 3. Bb5 {[%clk 1:31:11]} a6 {[%clk 1:31:41]} 4. Ba4
{[%clk 1:31:28]} Nf6 {[%clk 1:32:04]} 5. O-O {[%clk 1:31:42]} Be7
{[%clk 1:32:26]} 6. Re1 {[%clk 1:32:01]} b5 {[%clk 1:32:45]} 7. Bb3
{[%clk 1:32:26]} d6 {[%clk 1:32:57]} 8. c3 {[%clk 1:32:25]} O-O {[%clk 1:33:21]}
9. h3 {[%clk 1:32:09]} Bb7 {[%clk 1:33:22]} 10. d4 {[%clk 1:28:11]} Nd7
{[%clk 1:33:42]} 11. a4 Na5 {[%clk 1:33:42]} 12. Bc2 {[%clk 1:23:23]} c5
{[%clk 1:34:09]} 13. Nbd2 {[%clk 1:18:22]} cxd4 {[%clk 1:20:09]} 14. cxd4 Nc6 15.
d5 {[%clk 1:02:02]} Nb4 {[%clk 1:09:21]} 16. Bb1 {[%clk 1:00:59]} bxa4
{[%clk 0:59:06]} 17. Qxa4 {[%clk 0:48:58]} a5 18. Nc4 {[%clk 0:47:15]} Nb6
{[%clk 0:31:56]} 19. Nxb6 Qxb6 20. Be3 {[%clk 0:41:36]} Qa6 {[%clk 0:32:39]} 21.
Ra3 {[%clk 0:38:08]} Bd8 {[%clk 0:25:26]} 22. Bg5 {[%clk 0:22:11]} Bb6
{[%clk 0:17:39]} 23. Be7 {[%clk 0:19:00]} Rfc8 {[%clk 0:15:00]} 24. Rc3
{[%clk 0:12:10]} Qa7 25. Rec1 Bxf2+ {[%clk 0:08:44]} 26. Kh1 {[%clk 0:12:14]} Bc6
27. dxc6 {[%clk 0:08:03]} Qxe7 {[%clk 0:08:41]} 28. Ba2 Nxa2 {[%clk 0:06:00]} 29.
Qxa2 {[%clk 0:07:48]} Bc5 {[%clk 0:05:39]} 30. Qd5 {[%clk 0:06:40]} Bb4
{[%clk 0:06:06]} 31. Rc4 {[%clk 0:05:58]} Rc7 {[%clk 0:05:57]} 32. Ne1
{[%clk 0:04:20]} Qe6 {[%clk 0:01:01]} 33. Nd3 {[%clk 0:03:53]} Bd2
{[%clk 0:01:29]} 34. Rd1 {[%clk 0:03:43]} Be3 {[%clk 0:01:44]} 35. Ra1
{[%clk 0:02:28]} Qxd5 {[%clk 0:01:04]} 36. exd5 {[%clk 0:02:55]} Rca7
{[%clk 0:00:51]} 37. Nxe5 {[%clk 0:01:54]} Bb6 {[%clk 0:00:35]} 38. Nd3
{[%clk 0:01:48]} Kf8 {[%clk 0:00:57]} 39. Kh2 {[%clk 0:01:46]} Re8
{[%clk 0:01:10]} 40. b4 {[%clk 0:01:44]} a4 {[%clk 0:01:38]} 41. b5
{[%clk 0:02:01]} a3 {[%clk 0:01:48]} 42. Ra2 {[%clk 0:01:54]} Re3
{[%clk 0:01:51]} 43. Nb4 {[%clk 0:02:12]} Ra4 {[%clk 0:01:07]} 44. Rg4
{[%clk 0:02:14]} h5 {[%clk 0:00:45]} 45. Nc2 {[%clk 0:01:57]} hxg4
{[%clk 0:00:44]} 46. Nxe3 {[%clk 0:02:25]} g3+ 47. Kxg3 {[%clk 0:02:27]} Bxe3
{[%clk 0:00:48]} 48. c7 {[%clk 0:02:41]} Rc4 {[%clk 0:00:50]} 49. Rxa3
{[%clk 0:02:50]} Bf4+ {[%clk 0:00:45]} 50. Kf3 {[%clk 0:03:10]} Ke7
{[%clk 0:00:56]} 51. b6 {[%clk 0:03:09]} Kd7 {[%clk 0:01:17]} 52. Ra8
{[%clk 0:03:20]} Bg5 {[%clk 0:00:33]} 53. b7 {[%clk 0:03:26]} 1-0

[Event "11th 4NCL Congress Open"]
[Site "Harben House"]
[Date "2016.11.04"]
[Round "1.11"]
[White "Jackson, James P"]
[Black "Fryer, David W"]
[Result "1-0"]
[BlackElo "1918"]
[WhiteElo "2311"]
[LiveChessVersion "1.4.8"]

1. e4 {[%clk 1:30:56]} d6 {[%clk 1:30:55]} 2. d4 {[%clk 1:31:21]} Nf6
{[%clk 1:31:16]} 3. Nc3 {[%clk 1:31:46]} e5 {[%clk 1:31:38]} 4. Nf3
{[%clk 1:32:10]} Nbd7 {[%clk 1:31:44]} 5. Bc4 {[%clk 1:32:34]} Be7
{[%clk 1:32:03]} 6. a4 {[%clk 1:32:24]} O-O {[%clk 1:31:53]} 7. O-O
{[%clk 1:32:47]} c6 {[%clk 1:26:31]} 8. h3 {[%clk 1:29:32]} Nb6 {[%clk 1:24:58]}
9. Ba2 {[%clk 1:29:28]} exd4 10. Nxd4 {[%clk 1:25:50]} d5 {[%clk 1:19:38]} 11. a5
{[%clk 1:23:16]} Nc4 {[%clk 1:17:54]} 12. a6 {[%clk 1:12:45]} Nb6
{[%clk 1:09:54]} 13. exd5 {[%clk 1:06:51]} Nbxd5 {[%clk 1:08:07]} 14. Nxd5
{[%clk 1:07:12]} Nxd5 {[%clk 1:07:17]} 15. axb7 {[%clk 1:07:16]} Bxb7
{[%clk 1:07:32]} 16. Nf5 {[%clk 1:07:23]} Bf6 {[%clk 1:06:19]} 17. Bxd5
{[%clk 1:06:29]} cxd5 {[%clk 1:05:22]} 18. Be3 {[%clk 1:06:53]} Qd7
{[%clk 0:58:32]} 19. Nd4 {[%clk 1:03:59]} a5 {[%clk 0:53:17]} 20. Nb3
{[%clk 0:58:06]} Rfc8 {[%clk 0:50:07]} 21. Bd4 {[%clk 0:51:54]} Be7
{[%clk 0:43:32]} 22. Re1 {[%clk 0:49:28]} a4 {[%clk 0:41:37]} 23. Nc1
{[%clk 0:49:50]} Bf8 {[%clk 0:40:50]} 24. Nd3 {[%clk 0:49:55]} Qc6
{[%clk 0:35:28]} 25. c3 {[%clk 0:48:43]} Qb5 {[%clk 0:25:41]} 26. Re3
{[%clk 0:47:22]} Rc7 {[%clk 0:23:59]} 27. Rg3 {[%clk 0:44:27]} Bc8
{[%clk 0:23:55]} 28. Qh5 {[%clk 0:43:23]} Ra6 {[%clk 0:23:49]} 29. Qe5
{[%clk 0:43:18]} 1-0

[Event "11th 4NCL Congress Open"]
[Site "Harben House"]
[Date "2016.11.04"]
[Round "1.12"]
[White "Rowan, Daniel"]
[Black "Sowray, Peter J"]
[Result "0-1"]
[BlackElo "2310"]
[WhiteElo "1818"]
[LiveChessVersion "1.4.8"]

1. d4 {[%clk 1:30:56]} Nf6 {[%clk 1:30:51]} 2. Bg5 {[%clk 1:30:47]} e6
{[%clk 1:30:36]} 3. e4 {[%clk 1:28:24]} h6 {[%clk 1:30:58]} 4. Bxf6
{[%clk 1:28:49]} Qxf6 {[%clk 1:31:22]} 5. c3 {[%clk 1:29:15]} d5 {[%clk 1:28:48]}
6. e5 {[%clk 1:23:00]} Qd8 {[%clk 1:29:00]} 7. Nf3 {[%clk 1:21:47]} c5
{[%clk 1:27:51]} 8. c4 {[%clk 1:15:12]} Nc6 {[%clk 1:18:35]} 9. cxd5
{[%clk 1:13:32]} exd5 {[%clk 1:18:55]} 10. Qa4 {[%clk 0:55:45]} Qb6
{[%clk 1:08:45]} 11. Qb3 {[%clk 0:53:16]} cxd4 {[%clk 1:01:44]} 12. Qxb6
{[%clk 0:53:13]} axb6 {[%clk 1:02:10]} 13. Nbd2 {[%clk 0:49:25]} Bb4
{[%clk 0:59:42]} 14. a3 {[%clk 0:47:36]} O-O {[%clk 0:55:08]} 15. Rc1
{[%clk 0:45:33]} Bxd2+ 16. Kxd2 {[%clk 0:45:09]} Bg4 {[%clk 0:51:37]} 17. Be2
{[%clk 0:44:47]} Rfe8 {[%clk 0:48:07]} 18. Rhe1 {[%clk 0:34:01]} Rad8
{[%clk 0:41:55]} 19. Bb5 {[%clk 0:32:05]} Bxf3 {[%clk 0:40:54]} 20. gxf3
{[%clk 0:29:52]} Re6 {[%clk 0:36:59]} 21. f4 {[%clk 0:29:24]} f6 {[%clk 0:32:24]}
22. Bxc6 {[%clk 0:23:00]} bxc6 {[%clk 0:32:45]} 23. f5 {[%clk 0:23:16]} Rxe5
{[%clk 0:33:05]} 24. Rxe5 {[%clk 0:23:19]} fxe5 {[%clk 0:33:30]} 25. Rxc6
{[%clk 0:23:38]} Rf8 {[%clk 0:31:35]} 26. Rxb6 {[%clk 0:23:12]} Rxf5
{[%clk 0:31:57]} 27. Ke2 {[%clk 0:23:16]} e4 {[%clk 0:30:59]} 28. a4
{[%clk 0:21:47]} d3+ {[%clk 0:29:00]} 29. Ke1 {[%clk 0:21:54]} d4
{[%clk 0:26:41]} 30. Rd6 {[%clk 0:11:12]} d2+ {[%clk 0:26:03]} 31. Ke2
{[%clk 0:10:58]} Rxf2+ {[%clk 0:24:53]} 0-1

[Event "11th 4NCL Congress Open"]
[Site "Harben House"]
[Date "2016.11.05"]
[Round "2.1"]
[White "Cobb, James E"]
[Black "Pert, Nicholas"]
[Result "1/2-1/2"]
[BlackElo "2566"]
[WhiteElo "2434"]
[LiveChessVersion "1.4.8"]

1. Nf3 {[%clk 1:30:44]} d5 {[%clk 1:30:51]} 2. d3 {[%clk 1:29:51]} g6
{[%clk 1:25:51]} 3. Nbd2 {[%clk 1:29:14]} Bg7 {[%clk 1:25:39]} 4. e4
{[%clk 1:29:33]} Nf6 {[%clk 1:24:51]} 5. e5 {[%clk 1:23:08]} Nfd7
{[%clk 1:21:54]} 6. d4 {[%clk 1:23:30]} c5 {[%clk 1:18:26]} 7. c3
{[%clk 1:13:11]} e6 {[%clk 1:07:33]} 8. Bd3 {[%clk 0:58:47]} Nc6 {[%clk 1:06:39]}
9. O-O {[%clk 0:53:33]} O-O {[%clk 1:01:13]} 10. Bc2 {[%clk 0:42:17]} b6
{[%clk 0:41:00]} 11. Re1 {[%clk 0:39:11]} Ba6 {[%clk 0:36:29]} 12. Nf1
{[%clk 0:39:09]} cxd4 {[%clk 0:28:45]} 13. cxd4 {[%clk 0:39:15]} f6 14. exf6
{[%clk 0:38:39]} Qxf6 {[%clk 0:28:43]} 15. Bg5 {[%clk 0:33:38]} Qf7
{[%clk 0:29:03]} 16. Ne3 {[%clk 0:27:24]} e5 {[%clk 0:26:07]} 17. Bb3
{[%clk 0:25:50]} Bc4 {[%clk 0:26:10]} 18. Nxc4 {[%clk 0:16:16]} dxc4
{[%clk 0:26:21]} 19. d5 {[%clk 0:15:40]} cxb3 {[%clk 0:24:27]} 20. dxc6
{[%clk 0:16:02]} Nc5 {[%clk 0:24:52]} 21. axb3 {[%clk 0:12:55]} e4
{[%clk 0:22:05]} 22. b4 {[%clk 0:13:19]} exf3 {[%clk 0:16:52]} 23. bxc5
{[%clk 0:13:25]} fxg2 {[%clk 0:15:49]} 24. Bh4 {[%clk 0:11:15]} bxc5
{[%clk 0:13:36]} 25. Re7 {[%clk 0:08:26]} Qc4 {[%clk 0:12:45]} 26. Ra4
{[%clk 0:07:55]} Qb5 {[%clk 0:12:32]} 27. Qd5+ {[%clk 0:07:53]} Kh8
{[%clk 0:12:54]} 28. Rc4 {[%clk 0:06:21]} Rf5 {[%clk 0:06:26]} 29. Qe4
{[%clk 0:03:48]} Raf8 {[%clk 0:05:22]} 30. Re8 {[%clk 0:02:38]} Rxe8
{[%clk 0:03:56]} 31. Qxe8+ {[%clk 0:03:02]} Rf8 {[%clk 0:04:24]} 32. Qe6
{[%clk 0:02:35]} Qxb2 {[%clk 0:00:43]} 1/2-1/2

[Event "11th 4NCL Congress Open"]
[Site "Harben House"]
[Date "2016.11.05"]
[Round "2.2"]
[White "Sowray, Peter J"]
[Black "Hebden, Mark L"]
[Result "0-1"]
[BlackElo "2491"]
[WhiteElo "2310"]
[LiveChessVersion "1.4.8"]

1. d4 {[%clk 1:30:56]} Nf6 {[%clk 1:30:33]} 2. c4 {[%clk 1:31:19]} g6
{[%clk 1:30:38]} 3. Nc3 {[%clk 1:31:44]} Bg7 {[%clk 1:31:03]} 4. e4
{[%clk 1:32:07]} d6 {[%clk 1:31:29]} 5. Nf3 {[%clk 1:32:27]} O-O {[%clk 1:31:34]}
6. Be2 {[%clk 1:32:53]} e5 {[%clk 1:31:25]} 7. d5 {[%clk 1:33:14]} a5
{[%clk 1:30:32]} 8. g3 {[%clk 1:32:39]} Na6 {[%clk 1:30:06]} 9. Nh4
{[%clk 1:32:36]} Nc5 {[%clk 1:30:12]} 10. f3 {[%clk 1:30:00]} c6 {[%clk 1:29:58]}
11. Be3 {[%clk 1:22:27]} Qb6 {[%clk 1:28:09]} 12. Rb1 {[%clk 1:17:00]} cxd5
{[%clk 1:27:22]} 13. cxd5 {[%clk 1:16:10]} Bd7 {[%clk 1:27:12]} 14. O-O
{[%clk 1:10:10]} Rfc8 {[%clk 1:18:18]} 15. Ng2 {[%clk 1:09:04]} a4
{[%clk 1:18:09]} 16. Rf2 {[%clk 1:03:46]} Qa5 {[%clk 1:17:03]} 17. Qf1
{[%clk 1:03:35]} Ne8 {[%clk 1:11:27]} 18. Bb5 {[%clk 0:53:09]} Bh3
{[%clk 1:08:04]} 19. Bxc5 {[%clk 0:37:59]} Rxc5 {[%clk 1:03:36]} 20. Bxa4
{[%clk 0:38:21]} Rxc3 {[%clk 1:03:09]} 21. bxc3 {[%clk 0:33:31]} Qxa4
{[%clk 1:03:29]} 22. Rxb7 {[%clk 0:33:48]} Nf6 {[%clk 1:02:49]} 23. Rfb2
{[%clk 0:27:30]} Nd7 {[%clk 0:59:44]} 24. g4 {[%clk 0:24:19]} Bh6
{[%clk 0:55:59]} 25. Qb5 {[%clk 0:22:30]} Qxb5 {[%clk 0:54:51]} 26. R7xb5
{[%clk 0:22:07]} Kg7 {[%clk 0:54:24]} 27. Kf2 {[%clk 0:20:18]} Nc5
{[%clk 0:54:17]} 28. Ne1 {[%clk 0:16:45]} Ra3 {[%clk 0:50:22]} 29. Rc2
{[%clk 0:16:19]} Ra6 {[%clk 0:50:13]} 30. Ke2 {[%clk 0:15:10]} Bf4
{[%clk 0:48:38]} 31. Rb8 {[%clk 0:13:28]} Bxh2 {[%clk 0:47:51]} 32. Nd3
{[%clk 0:13:27]} Nxd3 {[%clk 0:47:58]} 33. Kxd3 {[%clk 0:13:55]} Bf1+
{[%clk 0:48:00]} 34. Ke3 {[%clk 0:13:06]} Bf4+ {[%clk 0:45:51]} 35. Kf2
{[%clk 0:13:30]} Bd3 {[%clk 0:46:10]} 0-1

[Event "11th 4NCL Congress Open"]
[Site "Harben House"]
[Date "2016.11.05"]
[Round "2.3"]
[White "Trent, Lawrence"]
[Black "Roberson, Peter T"]
[Result "1/2-1/2"]
[BlackElo "2388"]
[WhiteElo "2463"]
[LiveChessVersion "1.4.8"]

1. e4 {[%clk 1:30:36]} e6 {[%clk 1:30:58]} 2. d4 {[%clk 1:31:00]} d5
{[%clk 1:31:23]} 3. Nd2 {[%clk 1:30:51]} c5 {[%clk 1:31:36]} 4. exd5
{[%clk 1:29:28]} Qxd5 {[%clk 1:31:57]} 5. dxc5 {[%clk 1:28:26]} Nf6
{[%clk 1:31:04]} 6. Ngf3 {[%clk 1:28:39]} Qxc5 {[%clk 1:30:44]} 7. Bd3
{[%clk 1:27:05]} Nbd7 {[%clk 1:30:51]} 8. Qe2 {[%clk 1:21:43]} Qc7
{[%clk 1:26:51]} 9. c4 {[%clk 1:18:47]} Be7 {[%clk 1:17:06]} 10. O-O
{[%clk 1:16:37]} b6 {[%clk 1:14:14]} 11. b3 {[%clk 1:12:18]} Bb7 {[%clk 1:14:02]}
12. Bb2 {[%clk 1:12:36]} O-O {[%clk 1:12:46]} 13. Ne4 {[%clk 0:55:29]} Nxe4
{[%clk 1:07:18]} 14. Bxe4 {[%clk 0:55:55]} Bxe4 {[%clk 1:06:12]} 15. Qxe4
{[%clk 0:56:23]} Bf6 {[%clk 1:06:14]} 16. Bxf6 {[%clk 0:56:36]} Nxf6
{[%clk 1:06:08]} 17. Qe5 {[%clk 0:56:50]} Qb7 {[%clk 0:49:13]} 18. Rad1
{[%clk 0:55:07]} Rfd8 {[%clk 0:48:17]} 19. Rd4 {[%clk 0:50:17]} Rd7
{[%clk 0:45:18]} 20. Rfd1 {[%clk 0:48:25]} Rad8 {[%clk 0:45:16]} 21. Rxd7
{[%clk 0:47:43]} Rxd7 {[%clk 0:45:36]} 22. Rxd7 {[%clk 0:48:09]} Nxd7
{[%clk 0:39:17]} 23. Qd6 {[%clk 0:47:50]} Qe4 {[%clk 0:35:23]} 24. h3
{[%clk 0:48:04]} Nf8 {[%clk 0:35:19]} 25. Qa3 {[%clk 0:17:06]} Qb7
{[%clk 0:17:41]} 26. b4 {[%clk 0:15:14]} f6 {[%clk 0:14:40]} 27. Qb3
{[%clk 0:07:02]} Kf7 {[%clk 0:10:54]} 28. a3 {[%clk 0:05:33]} e5 {[%clk 0:06:51]}
29. Qc2 {[%clk 0:05:46]} Qc6 {[%clk 0:06:36]} 30. Nd2 {[%clk 0:05:11]} g6
{[%clk 0:04:49]} 31. c5 {[%clk 0:02:54]} bxc5 {[%clk 0:04:28]} 32. Nb3
{[%clk 0:02:43]} Ne6 {[%clk 0:04:19]} 33. Qc4 {[%clk 0:02:43]} Ke7
{[%clk 0:03:37]} 34. Nxc5 {[%clk 0:02:34]} Nf4 {[%clk 0:03:15]} 35. f3
{[%clk 0:02:30]} Qd6 {[%clk 0:03:03]} 36. Qg8 {[%clk 0:00:57]} Qd2
{[%clk 0:01:14]} 37. Qg7+ {[%clk 0:01:01]} Ke8 {[%clk 0:01:09]} 38. Qg8+
{[%clk 0:01:30]} Ke7 {[%clk 0:01:30]} 39. Qg7+ {[%clk 0:00:59]} Ke8
{[%clk 0:01:57]} 40. Qh8+ {[%clk 0:00:57]} Ke7 {[%clk 0:02:07]} 41. Qxh7+
{[%clk 0:01:18]} Ke8 {[%clk 0:00:44]} 42. Qg8+ {[%clk 0:01:42]} Ke7
{[%clk 0:01:11]} 43. Qg7+ {[%clk 0:01:45]} Ke8 {[%clk 0:01:38]} 1/2-1/2

[Event "11th 4NCL Congress Open"]
[Site "Harben House"]
[Date "2016.11.05"]
[Round "2.4"]
[White "Player, Edmund C"]
[Black "Arkell, Keith C"]
[Result "1/2-1/2"]
[BlackElo "2450"]
[WhiteElo "2227"]
[LiveChessVersion "1.4.8"]

1. e4 {[%clk 1:28:43]} c6 {[%clk 1:30:56]} 2. d4 {[%clk 1:28:35]} d5
{[%clk 1:31:23]} 3. Nd2 {[%clk 1:28:55]} dxe4 {[%clk 1:31:48]} 4. Nxe4
{[%clk 1:29:20]} Nd7 {[%clk 1:32:14]} 5. Ng5 {[%clk 1:29:36]} Ngf6
{[%clk 1:32:35]} 6. Bd3 {[%clk 1:29:20]} Nb6 {[%clk 1:30:59]} 7. N1f3
{[%clk 1:29:34]} h6 {[%clk 1:30:21]} 8. Ne4 {[%clk 1:28:58]} Nxe4
{[%clk 1:30:45]} 9. Bxe4 {[%clk 1:29:24]} Bg4 {[%clk 1:30:43]} 10. Qd3
{[%clk 1:18:33]} Bxf3 {[%clk 1:30:55]} 11. Bxf3 {[%clk 1:18:54]} e6
{[%clk 1:30:07]} 12. O-O {[%clk 1:14:29]} Be7 {[%clk 1:30:25]} 13. Re1
{[%clk 1:08:36]} O-O {[%clk 1:29:18]} 14. Bf4 {[%clk 1:07:10]} Bg5
{[%clk 1:29:16]} 15. Bxg5 {[%clk 1:01:23]} Qxg5 {[%clk 1:29:40]} 16. Re5
{[%clk 0:59:30]} Qf6 {[%clk 1:30:01]} 17. c3 {[%clk 0:57:26]} Rfd8
{[%clk 1:30:25]} 18. Qe2 {[%clk 0:56:01]} Rd6 {[%clk 1:30:33]} 19. g3
{[%clk 0:54:23]} Rad8 {[%clk 1:30:20]} 20. Re1 {[%clk 0:48:14]} Nd7
{[%clk 1:28:56]} 21. Bg2 {[%clk 0:42:28]} g6 {[%clk 1:26:58]} 22. f4
{[%clk 0:40:30]} Qg7 {[%clk 1:27:14]} 23. Ra5 {[%clk 0:37:55]} a6
{[%clk 1:27:13]} 24. Qc4 {[%clk 0:33:32]} Nf6 {[%clk 1:26:18]} 25. Rae5
{[%clk 0:30:11]} h5 {[%clk 1:25:30]} 26. Bf3 {[%clk 0:22:03]} Kh8
{[%clk 1:20:41]} 27. Qb3 {[%clk 0:14:22]} R6d7 {[%clk 1:20:52]} 28. Qc2
{[%clk 0:14:13]} Qf8 {[%clk 1:15:35]} 29. Qg2 {[%clk 0:12:27]} Kg7
{[%clk 1:14:25]} 30. h3 {[%clk 0:09:20]} Nd5 {[%clk 1:11:41]} 31. Bxd5
{[%clk 0:07:18]} Rxd5 {[%clk 1:11:48]} 32. Rxd5 {[%clk 0:06:51]} cxd5
{[%clk 1:11:24]} 33. Qe2 {[%clk 0:06:33]} Rd6 {[%clk 1:07:20]} 34. Kg2
{[%clk 0:05:33]} b5 {[%clk 1:07:31]} 35. g4 {[%clk 0:04:41]} hxg4
{[%clk 1:07:50]} 36. hxg4 {[%clk 0:05:09]} Rc6 {[%clk 1:07:16]} 37. a3
{[%clk 0:02:23]} Qb8 {[%clk 1:06:54]} 38. Qe3 {[%clk 0:01:44]} Rc8
{[%clk 1:05:34]} 39. Rh1 {[%clk 0:01:45]} Re8 {[%clk 0:59:42]} 40. g5
{[%clk 0:00:43]} Rg8 {[%clk 0:56:01]} 41. Kf3 {[%clk 0:00:36]} Kf8
{[%clk 0:55:56]} 42. Rh7 {[%clk 0:00:43]} Ke7 {[%clk 0:56:07]} 43. Qe2
{[%clk 0:00:40]} Rh8 {[%clk 0:51:32]} 44. Qh2 {[%clk 0:00:37]} Rxh7
{[%clk 0:51:55]} 45. Qxh7 {[%clk 0:01:02]} Qf8 {[%clk 0:52:09]} 46. Ke3
{[%clk 0:00:56]} a5 {[%clk 0:52:07]} 47. b4 {[%clk 0:00:33]} Qc8 {[%clk 0:52:03]}
48. Kd2 {[%clk 0:01:01]} Qc7 {[%clk 0:52:16]} 49. Qh4 {[%clk 0:00:53]} a4
{[%clk 0:50:51]} 50. Qf2 {[%clk 0:00:43]} Qc4 {[%clk 0:51:05]} 51. Qe2
{[%clk 0:00:36]} Qa2+ {[%clk 0:50:43]} 52. Kd3 {[%clk 0:00:53]} Qb1+
{[%clk 0:47:30]} 53. Kd2 {[%clk 0:00:53]} Qb2+ {[%clk 0:45:44]} 54. Kd3
{[%clk 0:01:15]} Qxa3 {[%clk 0:45:14]} 55. Qe5 {[%clk 0:01:28]} Qc1
{[%clk 0:45:26]} 56. Qf6+ {[%clk 0:00:32]} Ke8 {[%clk 0:43:37]} 57. Qh8+
{[%clk 0:00:55]} Kd7 {[%clk 0:43:58]} 58. Qb8 {[%clk 0:00:38]} Qd1+
{[%clk 0:40:57]} 59. Ke3 {[%clk 0:00:57]} Qe1+ {[%clk 0:41:21]} 60. Kd3
{[%clk 0:01:14]} Qf1+ {[%clk 0:35:41]} 61. Kd2 {[%clk 0:01:12]} Qg2+
{[%clk 0:29:54]} 62. Kd1 {[%clk 0:00:37]} Ke7 {[%clk 0:28:40]} 63. Qxb5
{[%clk 0:00:38]} Qf3+ {[%clk 0:28:18]} 64. Kc2 {[%clk 0:00:51]} Qf2+
{[%clk 0:28:38]} 65. Kb1 {[%clk 0:00:35]} Qxf4 {[%clk 0:21:30]} 66. Qc5+
{[%clk 0:00:43]} Qd6 {[%clk 0:18:11]} 67. Qa7+ {[%clk 0:01:12]} Qd7
{[%clk 0:17:59]} 68. Qc5+ {[%clk 0:01:40]} Qd6 {[%clk 0:09:30]} 69. Qa7+
{[%clk 0:02:09]} Qd7 1/2-1/2